| Tag |
First Indicator |
Second Indicator |
Subfields |
| LEADER |
00000cas a2200000 a 4500 |
| 001 |
in00001409990 |
| 005 |
20151020070442.0 |
| 008 |
911217d19922009ctuqx p 0 a0eng c |
| 010 |
|
|
|a 92642547
|
| 015 |
|
|
|a 017537444
|2 dnb
|
| 016 |
7 |
|
|a 9210180
|2 DNLM
|
| 016 |
7 |
|
|a SR0073004
|2 DNLM
|
| 016 |
7 |
|
|a 1227566-9
|2 DE-600
|
| 016 |
7 |
|
|a 008909337
|2 Uk
|
| 022 |
|
|
|a 1060-3999
|l 1060-3999
|2 2
|
| 029 |
1 |
|
|a NLM
|b 9210180
|
| 029 |
1 |
|
|a AU@
|b 000008729806
|
| 029 |
1 |
|
|a NZ1
|b 11694262
|
| 029 |
1 |
|
|a GBVCP
|b 183938194
|
| 030 |
|
|
|a JRMMEE
|
| 035 |
|
|
|a (OCoLC)ocm24987430
|
| 035 |
|
|
|a (OCoLC)24987430
|
| 037 |
|
|
|b Blackwell Publishers, Ltd., P.O. Box 1354, 9600 Garsington Rd., Oxford OX4 2XG, UK
|
| 040 |
|
|
|a NSD
|c NSD
|d CAS
|d NLM
|d COO
|d NSD
|d DLC
|d AGL
|d OCLCQ
|d DLC
|d OCLCQ
|d OCL
|d NSD
|d CUS
|d DLC
|d OCLCQ
|d GBVCP
|d UKMGB
|d TXA
|d UtOrBLW
|
| 042 |
|
|
|a nsdp
|a pcc
|
| 049 |
|
|
|a TXAM
|
| 050 |
0 |
0 |
|a QR69.A88
|b J68
|
| 060 |
0 |
0 |
|a W1
|b JO865D
|
| 070 |
0 |
|
|a QR69.A88
|b J68
|
| 072 |
|
0 |
|a X300
|
| 082 |
0 |
0 |
|a 576/.028
|2 20
|
| 210 |
0 |
|
|a J. rapid methods autom. micribiol.
|
| 222 |
|
0 |
|a Journal of rapid methods and automation in microbiology
|
| 245 |
0 |
0 |
|a Journal of rapid methods and automation in microbiology.
|
| 264 |
|
1 |
|a Trumbull, Conn. :
|b Food & Nutrition Press,
|c [1992-]
|
| 264 |
|
4 |
|c ©1992-
|
| 300 |
|
|
|a volumes :
|b illustrations ;
|c 23 cm.
|
| 310 |
|
|
|a Four no. a year,
|b <2001->
|
| 321 |
|
|
|a Quarterly,
|b 1992-
|
| 336 |
|
|
|a text
|b txt
|2 rdacontent
|
| 337 |
|
|
|a unmediated
|b n
|2 rdamedia
|
| 338 |
|
|
|a volume
|b nc
|2 rdacarrier
|
| 362 |
0 |
|
|a Vol. 1, no. 1 (Mar. 1992)-
|
| 362 |
1 |
|
|a Ceased with: Vol. 17, no. 4 (Dec. 2009).
|
| 500 |
|
|
|a Latest issue consulted: Volume 6, number 3 (Oct. 1998).
|
| 510 |
2 |
|
|a Chemical abstracts
|x 0009-2258
|
| 650 |
|
0 |
|a Microbiology
|x Automation
|v Periodicals.
|
| 650 |
|
2 |
|a Automation
|v Periodicals.
|
| 650 |
|
2 |
|a Microbiological Techniques
|v periodicals.
|
| 776 |
0 |
8 |
|i Online version:
|t Journal of rapid methods and automation in microbiology (Online)
|w (DLC)sn 91004771
|w (OCoLC)58648990
|
| 785 |
0 |
4 |
|t Journal of food safety
|x 0149-6085
|w (DLC) 78645071
|w (OCoLC)3531563
|
| 850 |
|
|
|a DLC
|a DNAL
|a DNLM
|a NIC
|
| 949 |
|
|
|a updated
|b h
|c 2011/10/11
|e spoltoratski
|f 4:05:04 pm
|
| 994 |
|
|
|a C0
|b TXA
|
| 999 |
|
|
|a MARS
|
| 999 |
f |
f |
|s 0fea8c4d-f1b2-363b-8fa6-ebf43e4855ae
|i 81291461-7484-3eca-8eee-41f51364f767
|t 0
|
| 952 |
f |
f |
|p ric
|a Texas A&M University
|b Rellis Campus
|c Joint Library Facility
|d Remote Storage
|t 0
|e QR69.A88 J68
|h Library of Congress classification
|i unmediated -- volume
|k v.6
|l 1998
|m A14824912462
|
| 952 |
f |
f |
|p ric
|a Texas A&M University
|b Rellis Campus
|c Joint Library Facility
|d Remote Storage
|t 0
|e QR69.A88 J68
|h Library of Congress classification
|i unmediated -- volume
|k v.7
|l 1999
|m A14827261137
|
| 952 |
f |
f |
|p ric
|a Texas A&M University
|b Rellis Campus
|c Joint Library Facility
|d Remote Storage
|t 0
|e QR69.A88 J68
|h Library of Congress classification
|i unmediated -- volume
|k v.11
|l 2003
|m A14833694542
|
| 952 |
f |
f |
|p ric
|a Texas A&M University
|b Rellis Campus
|c Joint Library Facility
|d Remote Storage
|t 0
|e QR69.A88 J68
|h Library of Congress classification
|i unmediated -- volume
|k v.10
|l 2002
|m A14830982603
|
| 952 |
f |
f |
|p ric
|a Texas A&M University
|b Rellis Campus
|c Joint Library Facility
|d Remote Storage
|t 0
|e QR69.A88 J68
|h Library of Congress classification
|i unmediated -- volume
|k v.12
|l 2004
|m A14833428632
|
| 952 |
f |
f |
|p ric
|a Texas A&M University
|b Rellis Campus
|c Joint Library Facility
|d Remote Storage
|t 0
|e QR69.A88 J68
|h Library of Congress classification
|i unmediated -- volume
|k v.13
|l 2005
|m A14834619139
|
| 952 |
f |
f |
|p ric
|a Texas A&M University
|b Rellis Campus
|c Joint Library Facility
|d Remote Storage
|t 0
|e QR69.A88 J68
|h Library of Congress classification
|i unmediated -- volume
|k v.14
|l 2006
|m A14834737709
|
| 952 |
f |
f |
|p ric
|a Texas A&M University
|b Rellis Campus
|c Joint Library Facility
|d Remote Storage
|t 0
|e QR69.A88 J68
|h Library of Congress classification
|i unmediated -- volume
|k v.8
|l 2000
|m A14828774094
|
| 952 |
f |
f |
|p ric
|a Texas A&M University
|b Rellis Campus
|c Joint Library Facility
|d Remote Storage
|t 0
|e QR69.A88 J68
|h Library of Congress classification
|i unmediated -- volume
|k v.9
|l 2001
|m A14828774133
|
| 998 |
f |
f |
|a QR69.A88 J68
|s v.6-14 (1998-2006)
|t 0
|l Remote Storage
|